| 000 | 01276cam a22003134i 4500 | ||
|---|---|---|---|
| 999 |
_c1345 _d1345 |
||
| 001 | 18761721 | ||
| 003 | OSt | ||
| 005 | 20221228144348.0 | ||
| 008 | 150827s2016 cn a j b 001 0 eng | ||
| 010 | _a 2015032413 | ||
| 020 | _a9780778720171 (pbk. : alk. paper) | ||
| 040 |
_aDLC _beng _cDLC _erda _dDLC _dKH8 |
||
| 042 | _apcc | ||
| 082 | 0 | 0 |
_a394.2 MCN _223 |
| 100 | 1 |
_aMcNiven, Lauren, _eauthor. |
|
| 245 | 1 | 0 |
_aBirthdays in different places / _cLauren McNiven & Crystal Sikkens. |
| 264 | 1 |
_aSt. Catharines, Ontario ; _aNew York, New York : _bCrabtree Publishing Company, _c[2016] |
|
| 300 |
_a24 pages : _bcolor illustrations ; _c25 cm. |
||
| 336 |
_atext _2rdacontent |
||
| 337 |
_aunmediated _2rdamedia |
||
| 338 |
_avolume _2rdacarrier |
||
| 490 | 0 | _aLearning about our global community | |
| 504 | _aIncludes bibliographical references (page 23) and index. | ||
| 650 | 0 |
_aBirthdays _vCross-cultural studies _vJuvenile literature. |
|
| 700 | 1 |
_aSikkens, Crystal, _eauthor. |
|
| 906 |
_a7 _bcbc _corignew _d1 _eecip _f20 _gy-gencatlg |
||
| 942 |
_2ddc _cNFIC |
||